Inventions by Country #2 - Statistics

General Stats
  • This quiz has been taken 38,862 times
    13,396 since last reset
  • The average score is 13 of 20
Answer Stats
Invention Year Country % Correct
Ice hockey (modern) 1875 Canada
91%
Phonograph 1877 United States
87%
Papyrus c. 2560 BC Egypt
83%
Photography 1822 France
82%
Vaccine 1796 United Kingdom
79%
Samba c. 1890 Brazil
78%
Tango c. 1890 Argentina / Uruguay
77%
Paper money c. 960 China
72%
Emoji 1997 Japan
69%
Domestication of maize c. 7000 BC Mexico
66%
Periodic table 1869 Russia
63%
Radio communication (practical) c. 1894 Italy
62%
Decimal number systems including a zero c. 628 India
59%
Writing c. 3100 BC Iraq
56%
Ugg boots c. 1933 Australia
48%
Bubble tea c. 1980 Taiwan
46%
Morphine 1804 Germany
42%
Zumba 2001 Colombia
41%
Bagel c. 1610 Poland
36%
Telescope c. 1608 Netherlands
31%
No matching quizzes found
Score Distribution
Percent of People with Each Score
Percentile by Number Answered
Your Score History
You have not taken this quiz since the last reset